Predstavenie IFRS 7 Finančné nástroje: zverejňovanie a iné novinky

Prehľad podstatných informácií o IFRS 7 Finančné nástroje: zverejňovanie (Financial instruments: Disclosures) a jeho celkovom dopade na pravidlá IFRS.

Gespeichert in:
Bibliographische Detailangaben
1. Verfasser: Mokošová, Daša, 1979-
Weitere Verfasser: Vašek, Libor
Format: Buchkapitel
Sprache:Slowakisch
Schlagworte:
Tags: Tag hinzufügen
Keine Tags, Fügen Sie das erste Tag hinzu!

MARC

LEADER 00000naa$a2200000$$$4500
001 0040027
005 20240502071507.0
041 0 |a slo 
044 |a SK 
245 1 0 |a Predstavenie IFRS 7 Finančné nástroje: zverejňovanie a iné novinky  |c Daša Mokošová, Libor Vašek 
520 |a Prehľad podstatných informácií o IFRS 7 Finančné nástroje: zverejňovanie (Financial instruments: Disclosures) a jeho celkovom dopade na pravidlá IFRS. 
610 2 0 |a nástroje finančné 
610 2 0 |a IFRS 
610 2 0 |a jednotka účtovná 
610 2 0 |a závierka účtovná 
610 2 0 |a kapitál 
610 2 0 |a výkazy finančné 
610 2 0 |a výkazy účtovné konsolidované 
610 2 0 |a reporting 
610 2 0 |a harmonizácia 
100 1 |a Mokošová, Daša, 1979- 
700 1 |a Vašek, Libor